[Event "BL2-W9596"]
[Site "Germany"]
[Date "1996.??.??"]
[Round "?"]
[White "Kishnev, Sergey"]
[Black "Romanishin, Oleg M"]
[Result "1-0"]
[WhiteElo "2485"]
[BlackElo "2590"]

1.d4 Nf6 2.Bg5 g6 3.Bxf6 exf6 4.e4 Bg7 5.Nf3 O-O 6.Nc3 d6 7.Bd3 Nc6 8.O-O Bg4
9.Be2 f5 10.d5 Ne7 11.Nd4 Bxe2 12.Ndxe2 Qd7 13.Qd3 Rae8 14.f3 fxe4 15.Nxe4 Nc8
16.a4 Qe7 17.a5 c5 18.a6 b6 19.N4c3 Qd7 20.Rfe1 Re7 21.Nf4 Be5 22.Nh3 Rfe8
23.Re4 f5 24.Re2 Bd4+ 25.Kf1 Rxe2 26.Nxe2 Bxb2 27.Ra2 Bf6 28.c4 b5 29.cxb5 Nb6
30.Nhf4 c4 31.Qb1 Re3 32.Ra5 Qe8 33.Qd1 Qe5 34.Ra2 g5 35.Nh5 Bh8 36.f4 Qe8
37.Neg3 Bc3 38.Re2 Rxe2 39.Qxe2 Qxe2+ 40.Nxe2 Bh8 41.fxg5 Nxd5 42.Nhg3 c3
43.Nxf5 Be5 44.Nfd4 Nc7 45.b6 axb6 46.a7 Na8 47.Ke1 Kf7 48.h4 Ke8 49.Kd1 Kd7
50.Kc2 Kc8 51.Nb5 Kb7 52.Ned4 Bxd4 53.Nxd4 Nc7 54.h5 Nd5 55.Nb5 Nf4 56.g4 Nd5
57.g6 hxg6 58.a8=Q+ Kxa8 59.Nc7+ Kb7 60.Nxd5  1-0

[Event "BL2-O9596"]
[Site "Germany"]
[Date "1996.??.??"]
[Round "?"]
[White "Lorenz, Gerd"]
[Black "Roeschlau, Bernd"]
[Result "0-1"]
[WhiteElo "2255"]
[BlackElo "2255"]

1.d4 Nf6 2.Bg5 g6 3.Bxf6 exf6 4.e3 Qe7 5.Nc3 Bh6 6.Qf3 c6 7.Bd3 d5 8.g4 Na6
9.a3 Nc7 10.Nge2 Bd7 11.Qg3 Be6 12.h4 O-O-O 13.O-O-O c5 14.dxc5 Qxc5 15.Kb1 Bf8
16.h5 Bd6 17.Qf3 Be5 18.Nd4 g5 19.Bf5 Kb8 20.h6 Rd6 21.Qe2 Bxf5 22.gxf5 Ra6
23.Ndb5 Rb6 24.a4 Bxc3 25.Rd3 Nxb5  0-1

[Event "Oberliga Ost B9596"]
[Site "Germany"]
[Date "1996.??.??"]
[Round "?"]
[White "Hermannsdoerfer, Frank"]
[Black "Fischer, Kay"]
[Result "1/2-1/2"]
[WhiteElo "2100"]
[BlackElo "2140"]

1.d4 Nf6 2.Bg5 d5 3.Bxf6 gxf6 4.c4 Nc6 5.Nc3 dxc4 6.e3 Rg8 7.g3 Bf5 8.Bxc4 e6
9.a3 Be7 10.Rc1 Kf8 11.Bd3 Bxd3 12.Qxd3 f5 13.Nf3 Bf6 14.Rd1 Ne7 15.h4 Nd5
16.Ng5 Rg7 17.Nh3 Nxc3 18.Qxc3 Qd5 19.Ke2 Qb5+ 20.Qd3 Qxd3+ 21.Rxd3 Be7 22.Rc1 Bd6
23.Rb3 b6 24.Rc6 Ke8 25.Rd3 Kd7 26.Rc2 f6 27.Kf3 Rag8 28.Ke2 Kc8 29.Nf4 Bxf4
30.exf4 Rd8 31.Rc6 Rd6 32.Rxd6 cxd6 33.Rc3+ Kb7 34.Kf3 h5 35.Ke3 Rg8 36.Ke2 Re8
37.f3 e5 38.fxe5 dxe5 39.dxe5 fxe5 40.Ke3 Rg8 41.Kf2 Rd8 42.Ke3 Rg8 43.Kf2 Rd8
44.Re3 Rd5 45.Ke2 a5 46.Rd3 Kc6 47.a4 Rxd3 48.Kxd3 Kd5 49.Ke3 Ke6 50.Kd3 Kd5
51.Ke3 Ke6 52.Kd3  1/2-1/2

[Event "BL2-W9697"]
[Site "Germany"]
[Date "1996.??.??"]
[Round "?.8"]
[White "Doering, Thomas"]
[Black "Sygulski, Boguslaw"]
[Result "1/2-1/2"]
[WhiteElo "2210"]
[BlackElo "2320"]

1.d4 Nf6 2.Bg5 d5 3.Bxf6 gxf6 4.e3 Bf5 5.Bd3 Bxd3 6.Qxd3 c6 7.Ne2 e6 8.c4 dxc4
9.Qxc4 Qd5 10.Qxd5 cxd5 11.Nbc3 Nc6 12.Rc1 Rc8 13.Nf4 Bd6 14.Nd3 Ke7 15.Ke2 Nb4
16.Nxb4 Bxb4 17.Kd3 Bxc3 18.Rxc3 Rxc3+ 19.Kxc3 Rg8 20.g3 e5 21.Kd2 Rc8 22.f3 Ke6
23.Kd3 Kf5 24.e4+ Ke6 25.exd5+ Kxd5 26.dxe5 fxe5 27.g4 Rc4 28.Rg1 a5 29.Rg3 Rd4+
30.Ke3 e4 31.fxe4+ Rxe4+ 32.Kd3 Rb4 33.b3 b6 34.h3 Rd4+ 35.Ke3 Re4+ 36.Kd3 Rf4
37.Re3 f6 38.Rg3 Rf1 39.a3 b5 40.Re3 Ra1 41.Rf3 Ke6 42.Rf5 Rxa3 43.Rxb5 a4
44.Rh5 Rxb3+ 45.Kc2 Rf3 46.Kb2 a3+ 47.Ka2 Kf7 48.Rxh7+ Kg6 49.Rh5 Rd3 50.Rh8 Rg3
51.Rh5 Rf3 52.Kb1 Rf2 53.Ka1 Re2 54.Ra5 Re3 55.h4 Re4 56.h5+ Kh6 57.Rf5 Re6
58.Ka2  1/2-1/2

[Event "BL2-N9596"]
[Site "Germany"]
[Date "1996.??.??"]
[Round "?"]
[White "Hansen, Mads Smith"]
[Black "Lagunow, Alexander"]
[Result "1-0"]
[WhiteElo "2360"]
[BlackElo "2420"]

1.d4 Nf6 2.Bg5 d5 3.Bxf6 exf6 4.e3 g6 5.c4 dxc4 6.Bxc4 Bg7 7.Nc3 O-O 8.Nge2 c5
9.O-O Nc6 10.dxc5 Qa5 11.Rc1 Qxc5 12.Nd5 Qa5 13.Nef4 f5 14.Qe2 Bd7 15.b4 Qa3
16.Rfd1 Rad8 17.Rb1 Ne5 18.Bb3 a6 19.Nb6 Bb5 20.Qc2 Rxd1+ 21.Qxd1 a5 22.Qd5 Qxb4
23.Qxb7 Bc6 24.Qc7 Qe4 25.Rc1 a4 26.Bd5 Bxd5 27.Nfxd5 Qh4 28.Qe7 Qe4 29.Qxf8+ Bxf8
30.Nf6+ Kg7 31.Nxe4 fxe4 32.Nxa4 Bd6 33.Nc3 f5 34.Nb5 Be7 35.a4 Nd3 36.Rc7 Kf6
37.a5 Bd8 38.Rc6+  1-0

[Event "BL2-O9596"]
[Site "Germany"]
[Date "1996.??.??"]
[Round "?"]
[White "Majer, Damir"]
[Black "Kleschtschow, Juri"]
[Result "1-0"]
[WhiteElo "2275"]
[BlackElo "2115"]

1.d4 Nf6 2.Bg5 d5 3.Bxf6 exf6 4.e3 Bf5 5.Ne2 Bd6 6.Ng3 Bg6 7.Bd3 c6 8.O-O Nd7
9.c4 dxc4 10.Bxc4 Nb6 11.Bb3 h5 12.Qf3 h4 13.Nf5 Bxf5 14.Qxf5 g6 15.Qf3 Kf8
16.Nc3 Kg7 17.Rad1 Qe7 18.Ne4 Bc7 19.Rfe1 Nd7 20.d5 cxd5 21.Bxd5 Ne5 22.Qe2 Rad8
23.Nc3 Bb8 24.Bb3 Nc6 25.Nd5 Qe5 26.Nf4 f5 27.Qc4 Qf6 28.Nd5 Qe5 29.f4 Qe4
30.Qc3+ Kh6 31.Qf6 h3 32.Re2 Qe6 33.Qc3 Ne7 34.Rd3 Nxd5 35.Bxd5 Qe7 36.e4 f6
37.e5 Rc8 38.Rxh3+ Kg7 39.exf6+  1-0

[Event "Landesliga Nord 9697 Bayern"]
[Site "Germany"]
[Date "1996.??.??"]
[Round "?"]
[White "Graef, Steffen"]
[Black "Krug, Stefan"]
[Result "1-0"]
[WhiteElo "2025"]
[BlackElo "2115"]

1.d4 d5 2.Bg5 Nf6 3.Bxf6 gxf6 4.e3 c6 5.c4 Be6 6.cxd5 Bxd5 7.Nc3 f5 8.Qc2 Be4
9.Nxe4 fxe4 10.O-O-O Qa5 11.Kb1 Nd7 12.Qxe4 e6 13.Nf3 Bd6 14.Bc4 O-O-O 15.Bb3 Rdg8
16.Nd2 Qh5 17.Rc1 Nf6 18.Bxe6+ Kc7 19.Qf5 Qxf5+ 20.Bxf5 Rxg2 21.Rcf1 h5 22.h3 Rhg8
23.Kc2 c5 24.dxc5 Bxc5 25.Kd3 R2g5 26.e4 Rd8+ 27.Ke2 Re8 28.Kf3 Rd8 29.Nb3 Bd6
30.Rc1+ Kb6 31.Rhg1 Rxg1 32.Rxg1 Be5 33.Rb1 a5 34.Ke3 a4 35.Nd2 Kb5 36.Nf3 Bc7
37.Ng5 Bb6+ 38.Ke2 Rf8 39.Rd1 Bc5 40.e5 Ne8 41.Rd7 Kc6 42.Rxf7 Rxf7 43.Be4+ Kd7
44.e6+ Ke7 45.exf7 Nd6 46.f8=Q+ Kxf8 47.Ne6+ Ke7 48.Nxc5  1-0

[Event "Oberliga Nord W9596"]
[Site "Germany"]
[Date "1996.??.??"]
[Round "?"]
[White "Von Alvensleben, Wolfram"]
[Black "Olzem, Lothar"]
[Result "1-0"]
[WhiteElo "2235"]
[BlackElo "2225"]

1.d4 Nf6 2.Bg5 d5 3.Bxf6 gxf6 4.e3 Bf5 5.c4 e6 6.Qb3 b6 7.Nc3 c6 8.cxd5 exd5
9.Nf3 Bd6 10.Nh4 Bg6 11.g3 Qd7 12.a3 O-O 13.Bg2 Na6 14.O-O Nc7 15.Qd1 Rad8
16.Qf3 Be7 17.Rfd1 Ne8 18.Bf1 Nd6 19.Rac1 Ne4 20.Nxg6 hxg6 21.Nxe4 dxe4 22.Qxe4 Rc8
23.Bg2 f5 24.Qf3 c5 25.dxc5 Qb5 26.Qb7 Bf6 27.b4 Bb2 28.Rb1 Bxa3 29.Qxa7 Bxb4
30.Qxb6 Qxb6 31.cxb6 Ba5 32.Rb5 Bc3 33.Rc1 Bd2 34.Rxc8 Rxc8 35.b7  1-0

[Event "BL2-W9596"]
[Site "Germany"]
[Date "1996.??.??"]
[Round "?"]
[White "Haubt, Georg"]
[Black "Schulz, Klaus Juergen"]
[Result "1-0"]
[WhiteElo "2270"]
[BlackElo "2405"]

1.d4 Nf6 2.Bg5 c5 3.Bxf6 gxf6 4.dxc5 Qa5+ 5.Qd2 Qxc5 6.Nc3 f5 7.Qd5 e6 8.Qxc5 Bxc5
9.e3 Nc6 10.O-O-O d5 11.Nge2 Bd7 12.Nf4 a6 13.h3 d4 14.Nd3 Ba7 15.exd4 Nxd4
16.Ne5 Bc6 17.Rh2 Rc8 18.f4 Be4 19.Bd3 f6 20.Nc4 Ke7 21.Na5 Bxd3 22.Rxd3 b5
23.g4 b4 24.Nd1 Rhd8 25.Kb1 Bb6 26.Nb3 Nf3 27.Rh1 Rxd3 28.cxd3 a5 29.Rf1 fxg4
30.hxg4 Nh2 31.Rh1 Nxg4 32.Rxh7+ Kd6 33.a4 f5 34.Nd2 Nf6 35.Rh4 Nd5 36.Nc4+ Kc5
37.Nde3 Bc7 38.Nxd5 Kxd5 39.Rh7 Bxf4 40.Nb6+  1-0

[Event "BL2-S9596"]
[Site "Germany"]
[Date "1996.??.??"]
[Round "?"]
[White "Miltner, Arndt"]
[Black "Gerigk, Erasmus"]
[Result "1-0"]
[WhiteElo "2280"]
[BlackElo "2280"]

1.d4 Nf6 2.Bg5 c5 3.Bxf6 gxf6 4.d5 f5 5.g3 d6 6.c3 Nd7 7.Bg2 Nf6 8.Nh3 h5
9.Nd2 h4 10.e3 Bd7 11.Nf4 Qb6 12.Qc2 hxg3 13.hxg3 Rxh1+ 14.Bxh1 Qa6 15.Bg2 e6
16.dxe6 fxe6 17.Qb3 d5 18.c4 O-O-O 19.cxd5 exd5 20.Bxd5 Nxd5 21.Qxd5 Qf6
22.Qb3 Bg7 23.Rc1 b6 24.Nc4 Bc6 25.Rd1 Rxd1+ 26.Qxd1 Kb8 27.Nh5 Qe7 28.Nxg7 Qxg7
29.Qd8+  1-0

[Event "BL2-S9596"]
[Site "Germany"]
[Date "1996.??.??"]
[Round "?"]
[White "Kistner, Klaus"]
[Black "Syska, Albert"]
[Result "0-1"]
[WhiteElo "2225"]
[BlackElo "2275"]

1.d4 Nf6 2.Bg5 c5 3.d5 Qb6 4.Nc3 Qxb2 5.Bd2 Qb6 6.e4 e6 7.Nf3 exd5 8.e5 d4
9.exf6 dxc3 10.Bxc3 gxf6 11.Bc4 Be7 12.O-O Nc6 13.Re1 O-O 14.Nh4 d5 15.Bxd5 Qd8
16.Qh5 Ne5 17.Rad1 Bg4 18.Qh6 Qc7 19.Rxe5 fxe5 20.Be4 f5 21.Qe6+ Rf7 22.Nxf5 Bxf5
23.Bxf5 Rd8 24.Bxh7+ Kf8 25.Qh6+ Rg7 26.Rd3 Qc6 27.Qh5 Qxg2+  0-1

[Event "NRW-Liga II 9596"]
[Site "Germany"]
[Date "1996.??.??"]
[Round "?"]
[White "Hall, Jesper"]
[Black "Kroeger, Fabian"]
[Result "1-0"]
[WhiteElo "2415"]
[BlackElo "2190"]

1.d4 Nf6 2.Bg5 c5 3.Bxf6 gxf6 4.e3 Qb6 5.Nc3 cxd4 6.exd4 Nc6 7.Nge2 d6 8.g3 h5
9.h4 Bg4 10.Bg2 O-O-O 11.O-O e6 12.d5 Ne5 13.Qd4 Bxe2 14.Qxb6 axb6 15.Nxe2 f5
16.Rfe1 Bg7 17.Rad1 Ng6 18.Nd4 Bxd4 19.Rxd4 e5 20.Rb4 Kd7 21.Rxb6 Rb8 22.Re3 Rhc8
23.Reb3 Ke7 24.Rxb7+ Rxb7 25.Rxb7+ Kf6 26.c3 e4 27.f4 exf3 28.Bxf3 Ne5 29.Bxh5 Rc5
30.Be2 Rxd5 31.Kf2 Ra5 32.a3 f4 33.gxf4 Ng6 34.Kg3 Ne7 35.Rb5 Nf5+ 36.Kf2 Ra7
37.h5 Re7 38.Bd3 Nh6 39.Rg5 Rb7  1-0

[Event "NRW-Liga II 9596"]
[Site "Germany"]
[Date "1996.??.??"]
[Round "?"]
[White "Heisel, Guido"]
[Black "Kley, Thomas"]
[Result "1-0"]
[WhiteElo "2230"]
[BlackElo "2185"]

1.d4 Nf6 2.Bg5 c5 3.d5 e5 4.Nc3 d6 5.e4 Be7 6.Be2 O-O 7.Nf3 Nxd5 8.Nxd5 Bxg5
9.Nxg5 Qxg5 10.Nc7 Nc6 11.Nxa8 d5 12.Qd2 Qxg2 13.O-O-O Qxe4 14.Rhg1 Nd4 15.Bd3 Qh4
16.Qg5 Qxg5+ 17.Rxg5 f6 18.Rg3 Ne6 19.Bb5 Rd8 20.Ra3 Nd4 21.Bf1 Bg4 22.Rxa7 Bxd1
23.Kxd1 Nc6 24.Ra3 Kf7 25.Nc7 f5 26.Rb3 Rd7 27.Nb5 Kf6 28.Nc3 c4 29.Rb5 d4
30.Nd5+  1-0

[Event "Landesliga Nord 9697 Bayern"]
[Site "Germany"]
[Date "1996.??.??"]
[Round "?"]
[White "Eiber, Manfred"]
[Black "Kreuzer, Gerhard"]
[Result "1-0"]
[WhiteElo "2145"]
[BlackElo "2140"]

1.d4 Nf6 2.Bg5 c5 3.Bxf6 gxf6 4.d5 Qb6 5.Qc1 f5 6.g3 Bg7 7.c3 e6 8.Bg2 O-O
9.Na3 d6 10.Qd2 e5 11.Nf3 Qd8 12.O-O Nd7 13.Rad1 Qf6 14.Qg5 e4 15.Qxf6 Nxf6
16.Nh4 Bh6 17.Nc4 Rd8 18.Bh3 b5 19.Ne3 Bxe3 20.fxe3 Ng4 21.Bxg4 fxg4 22.Nf5 Bxf5
23.Rxf5 h6 24.Rf4 Re8 25.Rxg4+ Kf8 26.Rf4 Re5 27.Rdf1 Rxd5 28.Rxf7+ Kg8 29.Rb7 Rd2
30.Rxb5 Rxe2 31.Rb7 Rxe3 32.Kf2 Rd3 33.Ke2 c4 34.Rf6 Re8 35.Rg6+ Kh8 36.Rxh6+ Kg8
37.Rg6+ Kh8 38.Rh6+ Kg8 39.Rhh7 e3 40.Rhg7+ Kh8 41.Rge7 Rxe7 42.Rxe7 Rd2+
43.Kxe3 Rxb2 44.Rxa7 Rxh2 45.Kd4 Rd2+ 46.Kxc4 d5+ 47.Kb3 Rd3 48.Rd7 Rxg3
49.Rxd5 Kg7 50.Rf5  1-0

[Event "Landesliga Nord 9697 Bayern"]
[Site "Germany"]
[Date "1996.??.??"]
[Round "?"]
[White "Polzer, Hans"]
[Black "Tiller, Jaroslav"]
[Result "1-0"]
[WhiteElo "2045"]
[BlackElo "2145"]

1.d4 Nf6 2.Bg5 c5 3.Bxf6 exf6 4.e3 cxd4 5.Qxd4 Nc6 6.Qe4+ Be7 7.Nc3 O-O 8.Bc4 Bb4
9.Ne2 Re8 10.Qh4 b6 11.O-O Bb7 12.Bd5 Bd6 13.Rfd1 Qe7 14.Bf3 Rad8 15.Rd2 Bb8
16.Rad1 f5 17.Qxe7 Rxe7 18.Bxc6 Bxc6 19.Nd4 Rde8 20.Nxf5 Re5 21.Ng3 h5 22.Nd5 h4
23.Ne2 Rg5 24.c4 Re4 25.Rd4 Rge5 26.Nec3 Rxd4 27.Rxd4 Bd6 28.Rxh4 f5 29.Rd4 Bc5
30.Rd3 a5 31.f4 Re6 32.h4 Kh7 33.Kf2 Kh6 34.g3 Kh5 35.a3 a4 36.Nb4 Kg4 37.Nxc6 dxc6
38.Nxa4 Be7 39.Nxb6 Kh3 40.Nd7 Rg6 41.Rd1 Kh2 42.Ne5  1-0

[Event "Landesliga Nord 9697 Bayern"]
[Site "Germany"]
[Date "1996.??.??"]
[Round "?"]
[White "Stiller, Juergen"]
[Black "Bauer, Andreas"]
[Result "1-0"]
[WhiteElo "2165"]
[BlackElo "2160"]

1.d4 Nf6 2.Bg5 c5 3.Bxf6 gxf6 4.d5 Qb6 5.Qc1 Bh6 6.e3 f5 7.g3 Bg7 8.c3 Qd6
9.Qd1 b5 10.Bg2 Bb7 11.Ne2 Na6 12.O-O Nc7 13.Nf4 Bh6 14.c4 a6 15.Nd2 Rb8
16.Qh5 Bxf4 17.exf4 Qg6 18.Qe2 d6 19.Rfe1 Qf6 20.b3 Bc8 21.Rad1 Bd7 22.Qh5 Qg6
23.Qh4 f6 24.Re3 Kf8 25.Rde1 Re8 26.Bf3 h5 27.Bd1 Rh7 28.Nf3 Qg4 29.Ne5 Qxh4
30.Nxd7+ Kf7 31.gxh4 Na8 32.Bc2 Rg7+ 33.Rg3 Rxg3+ 34.hxg3 Kg6 35.f3 e5 36.dxe6 Nc7
37.g4 hxg4 38.fxg4 Re7 39.Bxf5+ Kg7 40.Kf2 bxc4 41.bxc4 d5 42.h5 dxc4 43.h6+ Kh8
44.Nxf6  1-0

[Event "BL2-W9697"]
[Site "Germany"]
[Date "1996.??.??"]
[Round "?.6"]
[White "Neidhardt, Claus Ulrich"]
[Black "Molinaroli, Martin"]
[Result "1/2-1/2"]
[WhiteElo "2415"]
[BlackElo "2265"]

1.d4 Nf6 2.Bg5 c5 3.Nc3 cxd4 4.Qxd4 Nc6 5.Qh4 d6 6.e4 Bd7 7.O-O-O Qa5 8.f4 Rc8
9.Qe1 Nb4 10.a3 Rxc3 11.bxc3 Qxa3+ 12.Kd2 Na2 13.Bxf6 gxf6 14.Ne2 Bg7 15.Ra1 f5
16.e5 O-O 17.Qc1 Nxc1 18.Rxa3 Nxe2 19.Bxe2 dxe5 20.fxe5 Bxe5 21.Bf3 Rd8 22.Kc1 Be6
23.Rxa7 b5 24.Rxe7 Bxc3 25.Rd1 Rc8 26.Ra7 b4 27.Bd5 b3 28.Ra8 Rxa8 29.Bxa8 bxc2
30.Kxc2 Be5 31.h3 Kg7 32.Bd5 Kf6 33.Kb3 h5 34.Kc4 Bg3 35.Kc5 Bf2+ 36.Kc6 Bg3
37.Rd2 Be5 38.Ra2 Bg3 39.Ra3 h4 40.Ra6 Ke7 41.Ra7+ Kf6 42.Ra8 Ke7 43.Rh8 Bd7+
44.Kc5 Bf2+ 45.Kc4 Be6 46.Ra8 Kf6 47.Ra5 Ke7 48.Ra2 Bg3 49.Kd4 Kf6 50.Re2 Ke7
51.Bc4  1/2-1/2

[Event "Bundesliga 9596"]
[Site "Germany"]
[Date "1996.??.??"]
[Round "?"]
[White "Breutigam, Martin"]
[Black "Schaefer, Markus"]
[Result "1-0"]
[WhiteElo "2340"]
[BlackElo "2455"]

1.d4 Nf6 2.Bg5 c5 3.Bxf6 gxf6 4.d5 d6 5.c3 Bg7 6.e3 f5 7.Bc4 O-O 8.Ne2 e5
9.Nd2 Nd7 10.a4 Nb6 11.Bb3 Bd7 12.O-O Qf6 13.f4 e4 14.Ng3 Qg6 15.a5 Nc8 16.Ba4 Bxa4
17.Rxa4 Ne7 18.Nc4 Rfd8 19.Rf2 Rab8 20.Rd2 Kh8 21.Ra1 Ng8 22.Qh5 Ne7 23.Qe2 Rd7
24.a6 b6 25.Na3 Bf6 26.Nb5 Bh4 27.Nh5 Ng8 28.h3 Nf6 29.Nxf6 Bxf6 30.Qf2 h5
31.Kh2 Kg7 32.Rg1 Kf8 33.g3 Ke7 34.Rg2 Rc8 35.c4 Qh7 36.Kg1 Rg8 37.Qe2 Qg6
38.Kf1 Kd8 39.Ke1 Kc8 40.Kd1 Kb8 41.Kc2 Rdd8 42.Rd1 Be7 43.Rdg1 Rg7 44.Kb3 Rh8
45.Ka4 Rgh7 46.Qc2 Re8 47.g4 hxg4 48.hxg4 Bf8 49.gxf5 Qxf5 50.Rg8 Rh3 51.Qc3 Qc8
52.Kb3 Qd8 53.Rh8 Rxh8 54.Qxh8 Qe7 55.Rg8 Rd8 56.Qh7 Kc8 57.Qf5+ Kb8 58.Rh8 Ka8
59.Rh7 Rd7 60.Nc3 Qe8 61.Nxe4 b5 62.cxb5  1-0

[Event "BL2-W9697"]
[Site "Germany"]
[Date "1996.??.??"]
[Round "?.5"]
[White "Neidhardt, Claus Ulrich"]
[Black "Sieglen, Joachim"]
[Result "0-1"]
[WhiteElo "2415"]
[BlackElo "2400"]

1.d4 Nf6 2.Bg5 c5 3.d5 Ne4 4.Bf4 Qb6 5.Bc1 e6 6.f3 Qa5+ 7.c3 Nf6 8.e4 d6
9.Bd2 exd5 10.c4 Qc7 11.exd5 Be7 12.Bd3 Nbd7 13.f4 b5 14.b3 O-O 15.Nc3 bxc4
16.bxc4 Nb6 17.a4 Ba6 18.Nb5 Bxb5 19.axb5 Nfxd5 20.cxd5 c4 21.Bc2 Bf6 22.Rb1 Nxd5
23.Qh5 Rfe8+ 24.Kf1 c3 25.Qxh7+ Kf8 26.Qh8+ Ke7 27.Re1+ Be5 28.Qh4+ Kf8 29.Bc1 Qc4+
30.Re2 g6 31.g3 Bf6 32.Qg4 Nb4 33.Bxg6 fxg6 34.Qxg6 Qf7 35.Qxf7+ Kxf7 36.Ba3 c2
37.h4 Rec8 38.Re1 Nd3 39.Ne2 Rab8 40.Kg2 Nxe1+ 41.Rxe1 d5 42.h5 d4 43.Nc1 Rxb5
44.g4 Rc3  0-1

[Event "Oberliga Ost C9596"]
[Site "Germany"]
[Date "1996.??.??"]
[Round "?"]
[White "Deuster, Heinz Juergen"]
[Black "Hoehn, Michael"]
[Result "1-0"]
[WhiteElo "2150"]
[BlackElo "2040"]

1.d4 Nf6 2.Bg5 c5 3.Bxf6 exf6 4.e3 Qb6 5.Nc3 cxd4 6.Qxd4 Qxd4 7.exd4 Bb4
8.Ne2 O-O 9.O-O-O b6 10.Nd5 Bd6 11.g3 Bb7 12.Bg2 Bc6 13.Rhe1 Na6 14.a3 Rac8
15.Nec3 Rfe8 16.Bh3 Kf8 17.Ne3 Rcd8 18.Nc4 Bb8 19.Rxe8+ Kxe8 20.d5 Bb7 21.Nb5 d6
22.b4 Kf8 23.Bg2 Bc8 24.Bf1 Bb7 25.Bg2 Bc8 26.Kb2 Bf5 27.Rd2 Bc8 28.c3 Bb7
29.a4 Ke7 30.a5 bxa5 31.Nxa5 Ba8 32.Nd4 Kf8 33.Ndc6 Re8 34.Bf1 Nc7 35.c4 Bxc6
36.Nxc6 Na8 37.Kc3 Bc7 38.Nxa7 Bb6 39.Nb5 Re1 40.Bd3 Ke7 41.Nd4 g6 42.Re2+ Rxe2
43.Bxe2 Nc7 44.f4 f5 45.Bf3 Na6 46.Ne2 Bf2 47.Kb3 Be1 48.Nc3 f6 49.Be2 g5
50.Bd3 gxf4 51.gxf4 Bd2 52.Bxf5 Bxf4 53.h3 h6 54.Ne4 Be3 55.Ka4 Nc7 56.Ka5 Ne8
57.Ng3 Ng7 58.Bg4 Kd8 59.Kb5 Kc7 60.c5 Bf4 61.Ne2 Be5 62.Nc1 f5 63.Bf3 Ne8
64.Nd3 Bh2 65.Nb2 Nf6 66.Nc4 Ne8 67.Ne3 Ng7 68.Nc2 Be5 69.Ka6 Ne8 70.Bh5 Nf6
71.Bf3 Nd7 72.Kb5 Nf8 73.Ne3 f4 74.Nf5 Ng6 75.Bh5 Nf8 76.Nxh6 Nd7 77.Nf7 Nf6
78.Bf3 Nh7 79.Nxe5 dxe5 80.d6+ Kd7 81.Bg4+  1-0

[Event "Bodensee-Cup"]
[Site "Germany"]
[Date "1996.??.??"]
[Round "1"]
[White "Dausch, Rene"]
[Black "Kaenel, Hansjuerg"]
[Result "0-1"]
[WhiteElo "2340"]
[BlackElo "2390"]

1.d4 Nf6 2.Bg5 d5 3.Bxf6 exf6 4.e3 c6 5.c3 f5 6.Nd2 Be6 7.Bd3 Nd7 8.Qf3 g6
9.Ne2 Bd6 10.Nf4 Qe7 11.h3 Nf6 12.O-O-O h5 13.g3 Kf8 14.Qg2 Kg7 15.f3 a5
16.Rhg1 a4 17.Rdf1 a3 18.b3 c5 19.g4 Bxf4 20.gxf5 Bxe3 21.fxe6 Bxg1 22.exf7 Be3
23.Bxg6 cxd4 24.cxd4 Qb4  0-1

[Event "NRW-Liga I 9697"]
[Site "Germany"]
[Date "1996.??.??"]
[Round "2.2"]
[White "Welling, Gerard"]
[Black "Kruse, Herbert"]
[Result "0-1"]
[WhiteElo "2395"]
[BlackElo "2215"]

1.d4 Nf6 2.Bg5 d5 3.Bxf6 gxf6 4.e3 Rg8 5.Nf3 Bf5 6.Nbd2 Nc6 7.c4 dxc4 8.Bxc4 e6
9.e4 Bg4 10.Qa4 Bb4 11.O-O-O a6 12.d5 b5 13.Bxb5 axb5 14.Qxb5 Rxa2 15.Qxc6+ Kf8
16.Kb1 Ra7 17.Nc4 e5 18.Qb5 Be7 19.Na5 Bd7 20.Nc6 Qa8 21.g3 Kg7 22.Nd2 Ra1+
23.Kc2 Ra6 24.Nc4 Rxc6 25.Ra1 Qe8 26.dxc6 Bxc6 27.Qb3 Bxe4+ 28.Kd2 Qd7+ 29.Ke2 Bxh1
30.Rxh1 Qg4+ 31.f3 Qh3 32.Ne3 Bc5 33.Rc1 Bxe3  0-1

[Event "NRW-Liga II 9697"]
[Site "Germany"]
[Date "1996.??.??"]
[Round "4.1"]
[White "Kishnev, Sergey"]
[Black "Schulenburg, Peter"]
[Result "1-0"]
[WhiteElo "2485"]
[BlackElo "2285"]

1.d4 Nf6 2.Bg5 c5 3.Bxf6 gxf6 4.d5 Qb6 5.Qc1 Bh6 6.e3 Na6 7.c4 d6 8.Nc3 Rg8
9.Nge2 Rg4 10.Ng3 Bd7 11.Be2 Rh4 12.Qc2 O-O-O 13.Nf5 Bxf5 14.Qxf5+ Kb8 15.g3 Qxb2
16.O-O Qxc3 17.gxh4 Rh8 18.Kh1 Qe5 19.Qh5 Qxh5 20.Bxh5 Rf8 21.Bg4 Nc7 22.Bf5 Rh8
23.Rg1 a6 24.Rad1 b5 25.Bd7 Rd8 26.Bf5 Rh8 27.Bc2 Ka7 28.Rg4 f5 29.Bxf5 Ne8
30.Bd3 Nf6 31.Rgg1 bxc4 32.Bxc4 Ne4 33.Rg2 Rb8 34.Bb3 Rb4 35.Rc1 Nd2 36.Bd1 Ne4
37.Bf3 Nf6 38.Rc2 Kb6 39.Rg1 e6 40.Rd1 Bf8 41.h5 c4 42.a3 Ra4 43.Rb2+ Kc5
44.Rb8  1-0

[Event "Glorney Cup"]
[Site "Glenalmond"]
[Date "1996.??.??"]
[Round "5"]
[White "Vigus, James"]
[Black "De Vreugt, Dennis"]
[Result "1-0"]
[WhiteElo "2245"]
[BlackElo "2265"]

1.d4 Nf6 2.Bg5 c5 3.Bxf6 gxf6 4.d5 Qb6 5.Qc1 Bh6 6.e3 f5 7.Ne2 d6 8.c4 Nd7
9.Nbc3 Ne5 10.Nf4 Bd7 11.Qc2 a6 12.Nh5 Qa5 13.f4 Ng6 14.Bd3 e6 15.O-O Qd8
16.g3 Qe7 17.Rab1 O-O 18.Rbe1 Rae8 19.Re2 b5 20.cxb5 axb5 21.Bxb5 Bxb5 22.Nxb5 Bg7
23.Nxg7 Kxg7 24.Qd3 Rd8 25.Rfe1 Qd7 26.Nc3 e5 27.Rf2 e4 28.Qe2 Rb8 29.Qh5 Rb4
30.h3 Ne7 31.Qg5+ Ng6 32.a3 Rb3 33.g4 fxg4 34.f5 Qd8 35.Qxd8  1-0

[Event "Goch op"]
[Site "Goch"]
[Date "1996.??.??"]
[Round "3"]
[White "Kuhn, Gerd"]
[Black "Beck, Markus"]
[Result "1-0"]
[WhiteElo "2175"]
[BlackElo "1990"]

1.d4 Nf6 2.Bg5 d5 3.e3 e6 4.Nd2 c5 5.c3 Be7 6.Bd3 h6 7.Bh4 O-O 8.Ngf3 Nc6
9.O-O b6 10.Ne5 Nxe5 11.dxe5 Nd7 12.Bxe7 Qxe7 13.f4 Bb7 14.Qh5 f5 15.g4 Qe8
16.Qh4 c4 17.Bc2 Qg6 18.h3 h5 19.Kh2 hxg4 20.Rg1 Kf7 21.Nf3 Rh8 22.Ng5+ Ke7
23.Qxg4 fxg4 24.Bxg6 gxh3 25.Nf7 Rhf8 26.Nd6 Bc6 27.Bh7 Nc5 28.Rxg7+ Kd8
29.Rag1 Bd7 30.Bc2 b5 31.Rh7 a5 32.Rgg7 b4 33.Nb7+  1-0

[Event "Goch op"]
[Site "Goch"]
[Date "1996.??.??"]
[Round "5"]
[White "Kuhn, Gerd"]
[Black "Harff, Wilfried"]
[Result "1-0"]
[WhiteElo "2175"]
[BlackElo "2065"]

1.d4 Nf6 2.Bg5 c5 3.dxc5 Qa5+ 4.Qd2 Qxc5 5.Nc3 b6 6.e4 Ba6 7.Nf3 Bxf1 8.Rxf1 Nc6
9.O-O-O O-O-O 10.Qe2 Kb7 11.e5 Ne8 12.Rd5 Qb4 13.h3 Na5 14.Nd2 h6 15.a3 Qxc3
16.bxc3 hxg5 17.Qf3 Nc6 18.Nc4 Nc7 19.Rd3 Ne6 20.Rfd1 Kc7 21.Rd5 Rh4 22.Qd3 Nc5
23.Rxc5 bxc5 24.g3 Rxh3 25.Qf5 Rh2 26.Qxf7 Rh6 27.f4 gxf4 28.gxf4 Rh3 29.Rd3 Rh1+
30.Kd2 Rh2+ 31.Ke3 Rxc2 32.f5 Rc1 33.Kd2 Rh1 34.Qd5 Rh2+ 35.Kd1 e6 36.Qe4 Rb8
37.Rd2 Rh6 38.fxe6 dxe6 39.Kc2 Be7 40.Rf2 Rh4 41.Qe2 Rbh8 42.Nd6 c4 43.Nxc4 Rb8
44.Rf7 Rb5 45.Rxg7 Rc5 46.Rg4 Rh3 47.Qg2 Rh5 48.Re4 Rh7 49.Qg6 Rh2+ 50.Kb3 Rb5+
51.Ka4 a6 52.Qxe6 Ra2 53.Nd6 Rab2 54.Nc4 R2b3 55.Rd4  1-0

[Event "Goetzis op"]
[Site "Goetzis"]
[Date "1996.??.??"]
[Round "6"]
[White "Srienz, Christian"]
[Black "Dinser, Hans"]
[Result "1/2-1/2"]
[WhiteElo "2095"]
[BlackElo "2165"]

1.d4 d5 2.Bg5 Nf6 3.Bxf6 exf6 4.e3 Bd6 5.c4 dxc4 6.Bxc4 O-O 7.Nc3 c6 8.Rc1 Nd7
9.Nf3 f5 10.Nd2 Nf6 11.Qf3 Bd7 12.Bb3 Re8 13.O-O a5 14.h3 Bb4 15.a3 Bxc3
16.Rxc3 g6 17.Nc4 Be6 18.Ne5 Ne4 19.Bxe6 Rxe6 20.Rc2 f6 21.Nd3 b6 22.Qe2 Rd6
23.b4 Kg7 24.Rfc1 axb4 25.axb4 Qe8 26.h4 Ra3 27.Nb2 b5 28.Nd3 Qa8 29.Nc5 Nxc5
30.Rxc5 Ra1 31.Qf3 Qa3 32.Rxa1 Qxa1+ 33.Kh2 Qb1 34.Qf4 Rd7 35.Rxc6 Qxb4 36.h5 Qe7
37.h6+ Kf7 38.Qb8 g5 39.Qxb5 Kg6 40.g3 Rb7 41.Qd3 Rb2 42.Kg2 g4 43.d5 Qe4+
44.Qxe4 fxe4 45.Re6 Kf5 46.Re7 Rd2 47.Rxh7 Rxd5 48.Rg7 Rd8 49.h7 Rh8 50.Re7 Kg5
51.Rxe4 Rxh7 52.Kf1 Ra7 53.Rd4 Ra5 54.Ke2 Ra3 55.Rd5+ Kg6 56.e4 Rb3 57.Rd3 Rb2+
58.Ke3 Kg5 59.Rd5+ Kg6 60.Rd2 Rb3+ 61.Kf4 Rb4 62.Ra2 Rc4 63.Ra6 Rb4 64.Ra8 Rb2
65.Ke3 Rb3+ 66.Ke2 Rb2+ 67.Ke3 Rb3+ 68.Kf4 Rb2 69.Kxg4 Rxf2 70.Ra6 Kf7 71.Ra3 Kg6
72.Rf3 Re2 73.Kf4 Re1 74.Rf2 Rg1 75.Kg4 Re1 76.Rf4 Re3 77.Kh4 Re1 78.Rg4+ Kf7
79.Kh3 Re2 80.Rf4 Kg6 81.g4  1/2-1/2

[Event "Graz op"]
[Site "Graz"]
[Date "1996.??.??"]
[Round "?"]
[White "Wolfmajer, Wolfgang"]
[Black "Kotz, Heinz Peter"]
[Result "0-1"]
[WhiteElo "2035"]
[BlackElo "2285"]

1.d4 Nf6 2.Bg5 g6 3.c3 Bg7 4.Nd2 d6 5.e3 O-O 6.Bd3 Nbd7 7.f4 e5 8.Ngf3 Qe8
9.e4 exf4 10.Bxf4 Nxe4 11.O-O f5 12.Qb3+ Kh8 13.Rae1 Ndf6 14.Bc4 h6 15.Nxe4 fxe4
16.Nd2 g5 17.Bg3 Qg6 18.Re3 Rb8 19.h3 Bf5 20.Bh2 h5 21.Qb5 Bd7 22.Qa5 Bh6
23.Kh1 g4 24.Bf4 d5 25.Bxd5 b6 26.Bxe4 Nxe4 27.Qe5+ Nf6 28.Bxh6 Qxh6 29.Ne4 Rbe8
30.Rxf6 Rxf6 31.Qxf6+ Qxf6 32.Nxf6 Rxe3 33.Nxd7 g3  0-1

[Event "Graz op"]
[Site "Graz"]
[Date "1996.??.??"]
[Round "?"]
[White "Palos, Osman"]
[Black "Bachler, Reinhardt"]
[Result "1-0"]
[WhiteElo "2340"]
[BlackElo "2215"]

1.d4 Nf6 2.Bg5 c5 3.d5 Qb6 4.Nc3 Qxb2 5.Bd2 Qb6 6.e4 d6 7.f4 Qc7 8.Bb5+ Nfd7
9.Nf3 a6 10.Bxd7+ Nxd7 11.O-O b5 12.e5 Nb6 13.e6 fxe6 14.dxe6 Bxe6 15.f5 Bc4
16.Ng5 O-O-O 17.a4 b4 18.a5 Nd7 19.Na4 Qc6 20.Rf4 Bb5 21.Nb2 Qd5 22.Qc1 g6
23.c4 bxc3 24.Bxc3 Bh6 25.h4 Bxg5 26.hxg5 Rhf8 27.Qe3 Rxf5 28.Rxf5 gxf5 29.Qxe7 Bc6
30.Qe2 Bb5 31.Qf2 Re8 32.Rd1 Qc6 33.Nd3 Qd5 34.Nb2 Qb3 35.Qf3 Kc7 36.Rxd6 Ne5
37.Rc6+ Kd7 38.Rc7+ Kd6 39.Bxe5+ Rxe5 40.Qxb3 Kxc7 41.Qf7+ Kd6 42.Nc4+ Bxc4
43.Qxc4  1-0